01414 a2200169 45000010006000000050017000060080041000230030015000640400040000790800104001192450038002232640036002613000024002975050890003210410008012111000025012195426120260407155813.0260407a1971 arg spa dAR-UNSa-BCEJYS aAR-UNSa-BCEJYSbspacAR-UNSa-BCEJYS a330.1xCiencia económica. Conceptos fundamentales de teoría económica. Valor. Capital. Fondos10aReconstrucción de la economía 1aBuenos Aires :bEl Ateneoc1971 axii, 334 p.c22 cm. aParte I: Microeconomía - 1. Una introducción ecológica - 2. El individuo social y el organismo económico - 3. La teoría del organismo económico - 4. El comerciante en un mercado imperfecto - 5. La teoría general de la preferencia - 6. La teoría de la producción y del inventario - 7. Expectativas,juego y seguro - 8. La teoría del consumo - 9. El equilibrio de la producción y el consumo - Parte II: Macroeconomía - 10. La naturaleza y significación de los agregados económicos - 11. La estructura de los agregados macroeconómicos: I. Capital y renta - 12. La estrutura de los agregados macroeconómicos: II. La teoría de los pagos - 13. La teoría de la producción y el empleo - 14. Una teoría macroeconómica de la distribución - 15. Dinero,deuda e interés - 16. La economía del gobierno - 17. La teoría de la distribución de la renta aspa1 aBoulding, Kenneth E.